Statistics for The Beyoncé Quiz

Click here to take the quiz!

General Stats

  • This quiz has been taken 9,190 times
    (2,359 since last reset)
  • The average score is 12 of 19

Answer Stats

Question Answer % Correct
Who is Beyoncé married to?Jay-Z
99%
Fill in the blank: "If you liked it then you shoulda put a ____ on it".Ring
94%
What girl group was Beyoncé a part of before going solo?Destiny's Child
91%
What is something that an angel has that is also the title of a Beyoncé song?Halo
81%
What word, added to the Oxford English Dictionary in 2006, has often
been used to descibe Beyoncé?
{Booty}licious
78%
Song ending in "love"{Crazy} in Love
78%
What is the name of her first daughter?Blue Ivy
72%
What sweet beverage is the title of Beyoncé's sixth album?Lemonade
67%
What singer did she collaborate with on the song "Telephone"?Lady Gaga
67%
What is her alter ego?{Sasha} Fierce
67%
What U.S. state is Beyonce from?Texas
65%
What was "one of the best videos of all time" according to Kanye West?Single Ladies
55%
What movie did she star in about Motown singers?Dreamgirls
48%
What song says "Everything you own in the box to the left"?Irreplaceable
47%
Who was the other singer on "Beautiful Liar"?Shakira
43%
Song ending in "love"{Drunk} in Love
41%
What TV talent show, hosted by Ed McMahon, did she appear on at age 12?Star Search
28%
Album ending in "love"{Dangerously} in Love
24%
What is her middle name?Giselle
16%

Score Distribution

Percentile by Number Answered

Percent of People with Each Score

Your Score History

You have not taken this quiz since the last reset